| 000 | 00777nam a22002055i 4500 | ||
|---|---|---|---|
| 001 | 164477 | ||
| 003 | ES-MaACL | ||
| 005 | 20250702063118.0 | ||
| 008 | 990129s1892 sp |||| | spa d | ||
| 040 |
_aCCPB | B _bspa _cCCPB | B |
||
| 100 | 1 |
_aSalvá, Anselmo, _d1849-1922 _9102053 |
|
| 245 | 1 | 0 |
_aTipos burgaleses / _cpor Anselmo Salvá. |
| 260 |
_aBurgos : _bImp. y lib. de Hijos de Santiago Rodríguez, _c1892. |
||
| 300 |
_a95 p. ; _c20 cm. |
||
| 530 | _aDisponible en formato digital. | ||
| 650 | 4 |
_aBurgaleses. _9156983 |
|
| 852 |
_aES-MaACL _jT-811-F-3 _z-- Enc. hol., conservando la enc. original _z-- Enc. en un vol. facticio |
||
| 856 |
_uhttp://bdh-rd.bne.es/viewer.vm?id=0000074885&page=1 _zBiblioteca Digital Hispánica |
||
| 999 |
_c164477 _d164477 |
||